ON your marks, get set, GO! - Statistics

General Stats
  • This quiz has been taken 6 times
  • The average score is 9 of 15
Answer Stats
Clue Answer % Correct
Followed by 'upon a time', at the start of a story Once
100%
Cancer specialist Oncologist
100%
At the start of something Onset
100%
_____ and upwards Onwards
100%
Semi precious black stone Onyx
100%
Without siblings, you are an _____ child Only
83%
Shops can be found _____ a cruise ship Onboard
67%
Something carrying on Ongoing
50%
Brown, Spanish or spring? Onion
50%
When it is your responsibility Onus
50%
Traffic flow, in the opposite direction Oncoming
33%
A posh version of 'my' Ones
33%
An audience? Onlookers
33%
Laborious (esp in law) Onerous
0%
One better than anyone else One-upmanship
0%
No matching quizzes found
Score Distribution
Percent of People with Each Score
Percentile by Number Answered
Your Score History
You have not taken this quiz